Statistics for Biggest Country by Body of Water #2

Click here to take the quiz!

General Stats

  • This quiz has been taken 510 times
  • The average score is 14 of 20

Answer Stats

Body of WaterCountry% Correct
Persian GulfSaudi Arabia
98%
Tasman SeaAustralia
95%
Lake HuronCanada
94%
Gulf of CaliforniaMexico
93%
Korea BayChina
87%
Gulf of VenezuelaColombia
85%
Sea of JapanRussia
85%
Ionian SeaItaly
81%
Lake MalawiTanzania
79%
Arabian SeaIndia
78%
Lake TiticacaPeru
77%
Gulf of OmanIran
76%
Aral SeaKazakhstan
66%
Lake TanganyikaDR Congo
61%
Marmara SeaTurkey
60%
Gulf of BothniaSweden
57%
Tyrrhenian SeaFrance
54%
Banda SeaIndonesia
38%
Levantine SeaLibya
27%
Alboran SeaAlgeria
20%

Score Distribution

Percentile by Number Answered

Percent of People with Each Score

Your Score History

You have not taken this quiz